| 000 | 01283cam a22003494a 4500 | ||
|---|---|---|---|
| 999 |
_c50434 _d50434 |
||
| 001 | 11814411 | ||
| 005 | 20200227110711.0 | ||
| 008 | 991019s2000 nyua b 001 0 eng | ||
| 010 | _a 99055177 | ||
| 020 | _a0748408177 (pbk.) | ||
| 040 |
_aDLC _cDLC _dDLC |
||
| 041 | _aeng | ||
| 042 | _apcc | ||
| 050 | 0 | 0 |
_aQR251 _b.C52 2000 |
| 080 | _a576.8 Ch-51 | ||
| 082 | 0 | 0 |
_a616.9/6 _221 |
| 100 | 1 |
_aChernin, Jack. _97543 |
|
| 245 | 1 | 0 |
_aParasitology / _cJack Chernin. |
| 264 |
_aNew York : _bTaylor & Francis, _c2000. |
||
| 300 |
_aviii, 139 p. : _bill. ; _c25 cm. |
||
| 490 | 1 | _aLifelines | |
| 504 | _aIncludes bibliographical references (p. [131]-132) and index. | ||
| 650 | 0 |
_aMedical parasitology. _97544 |
|
| 650 | 0 |
_aParasitology. _97545 |
|
| 653 | _aპარაზიტოლოგია | ||
| 653 | _aმედიცინა | ||
| 830 | 0 |
_aLifelines (Taylor & Francis) _97546 |
|
| 856 | 4 | 2 |
_3Publisher description _uhttp://www.loc.gov/catdir/enhancements/fy0743/99055177-d.html |
| 906 |
_a7 _bcbc _corignew _d1 _eocip _f19 _gy-gencatlg |
||
| 942 |
_2udc _cBK |
||
| 955 |
_ato ASCD pb05 10-19-99; jc09 10-20-99; jc02 to technician 10-21-99; jc03 10-22-99; to Dewey 10-22-99;aa03 10-25-99; changes from CIP jc09 08-15-00 _aps09 2003-08-04 1 copy rec'd., to CIP ver. |
||